Score 0/13 Timer 01:00
2 Plays Today
% Correct
Yogi Bear
86.3%
Peter Griffin
86.2%
Charlie Brown
85.6%
Barney Rubble
85.2%
Batman
82.6%
Scooby Doo
78.5%
Popeye
78.5%
Bugs Bunny
77%
Atom Ant
74.8%
Mr. Magoo
73.7%
Mighty Mouse
72.2%
Daffy Duck
67.5%
Ryu
55.5%
Remove Ads.
Support Sporcle.
Get the best of Sporcle when you Go Orange. This ad-free experience offers more features, more stats, and more fun while also helping to support Sporcle. Thank you for becoming a member.

You're not logged in!

Compare scores with friends on all Sporcle quizzes.
OR
Log In

Show Comments

Extras

Top Quizzes Today


Score Distribution

Your Account Isn't Verified!

In order to create a playlist on Sporcle, you need to verify the email address you used during registration. Go to your Sporcle Settings to finish the process.

Report this User

Report this user for behavior that violates our Community Guidelines.

Details: